| 000 | 02276cam a2200493 4500500 | ||
|---|---|---|---|
| 005 | 20260426020052.0 | ||
| 041 | _afre | ||
| 042 | _adc | ||
| 100 | 1 | 0 |
_aKouchner, Bernard _eauthor |
| 245 | 0 | 0 | _aÀ qui appartient le malheur des autres ? |
| 260 | _c2005. | ||
| 500 | _a49 | ||
| 520 | _aA-t-on le droit d’empêcher les massacres ? Nous étions trop jeunes pour nous révolter contre Auschwitz. Contre les grands massacres de notre époque, nous nous sommes mis en mouvement. Nous avons inventé l’action humanitaire, une solidarité de la main à la main. Nous rêvions de défendre les groupes humains et les minorités avant qu’on les meurtrisse. Nous avions l’ambition d’intervenir contre les dictatures assassines. Empêcher l’extermination des minorités, cela exige une volonté politique au-delà des bons sentiments. | ||
| 520 | _aWho does others’misfortune belong to ? Can we be allowed to prevent massacres ? We were too young to revolt against Auschwitz. We acted against the greatest massacres of our epoch. We invented charitable organization, a hand-in-hand solidarity. We dreamt of protecting human groups and minorities before they got hurt. We had the ambition of intervening against the murderous dictatorships. Stopping the extermination of minorities demands a political will beyond good feelings. | ||
| 690 | _aAction humani- taire | ||
| 690 | _aBiafra | ||
| 690 | _aBoat people | ||
| 690 | _aCambodge | ||
| 690 | _aFrench doctors | ||
| 690 | _aGénocides | ||
| 690 | _aKosovo | ||
| 690 | _aMédecins sans frontière | ||
| 690 | _aMassacres | ||
| 690 | _aONG | ||
| 690 | _aRwanda | ||
| 690 | _aSolidarité | ||
| 690 | _aBiafra | ||
| 690 | _aBoat people | ||
| 690 | _aCambodia | ||
| 690 | _aCharitable organization | ||
| 690 | _aFrench doctors | ||
| 690 | _aGenocide | ||
| 690 | _aHuman Rights | ||
| 690 | _aInterference Right | ||
| 690 | _aKosovo | ||
| 690 | _aMassacres | ||
| 690 | _aMDM | ||
| 690 | _aMSF | ||
| 690 | _aNGO | ||
| 690 | _aRwanda | ||
| 690 | _aSolidarity | ||
| 786 | 0 | _nImaginaire & Inconscient | 15 | 1 | 2005-03-01 | p. 27-36 | 1628-9676 | |
| 856 | 4 | 1 | _uhttps://shs.cairn.info/revue-imaginaire-et-inconscient-2005-1-page-27?lang=fr&redirect-ssocas=7080 |
| 999 |
_c2225388 _d2225387 |
||